11. meždunarodnyj konkurs studenčeskoj naučnoj i proffessional'noj dejatel'nosti Bratislava, 9-13 nojabrja 1980 g.

Na minha lista:
Detalhes bibliográficos
Formato: Livro
Idioma:russo
Publicado em: Bratislava Ekonomičeskij institut 1980
Tags: Adicionar Tag
Sem tags, seja o primeiro a adicionar uma tag!

MARC

LEADER 00000nam a2200000 4500
001 c138832
005 20221128065217.1
041 0 |a rus 
044 |a SK 
245 1 0 |a 11. meždunarodnyj konkurs studenčeskoj naučnoj i proffessional'noj dejatel'nosti  |b Bratislava, 9-13 nojabrja 1980 g. 
264 1 |a Bratislava  |b Ekonomičeskij institut  |c 1980 
300 |a 249 s.